[Event "CAN-ch U10"]
[Site "Windsor"]
[Date "2016.07.08"]
[Round "6.103"]
[White "Xiong, Dawson"]
[Black "Aubin, Felix"]
[Result "1-0"]
[WhiteElo "671"]
[BlackElo "792"]
[PlyCount "45"]
[EventDate "2016.07.05"]
[EventType "swiss"]
[EventRounds "7"]
[EventCountry "CAN"]
[SourceTitle "EXT 2022"]
[Source "ChessBase"]
[SourceDate "2021.10.06"]
[SourceVersion "1"]
[SourceVersionDate "2021.10.06"]
[SourceQuality "1"]

1. e4 e5 2. Nf3 Qe7 3. d4 Nc6 4. Bg5 Qb4+ 5. Nc3 exd4 6. Bd2 d6 7. Bb5 Bd7 8. Bxc6 Bxc6 9. Nd5 Qc4 10. Nxc7+ Kd8 11. Nxa8 Bb5 12. Ng5 Nf6 13. Nxf7+ Ke8 14. Nxh8 Ng4 15. Ba5 Nxh2 16. Nc7+ Kd8 17. Nxb5+ Kd7 18. Qg4+ Ke8 19. Nxd6+ Ke7 20. Nxc4 Ke8 21. Qe6+ Be7 22. Nd6+ Kf8 23. Qf7# 1-0